00742cam a22002171 450000100060000000300080000600500170001400800390003103500190007003500180008904000390010704100080014608200230015410000200017724500600019726000460025730000610030350400500036460000480041465100620046227255BD-RjUL20211209051131.0140324s1961 enkabh b 001 0 eng a(BD-RjUL)27327 a(OCoLC)736554 aDLCcMBUdOCoLCdDLCdBD-RjULbeng aeng a954.0143bTHA 19611 aThapar, Romila.10aAśoka and the decline of the Mauryas /cRomila Thapar aLondon :bOxford University Press,c1961. aviii, 283 p.billus., maps (part fold.) facsims.c24 cm. aIncludes Bibliography: p. [271]-276 and index00aAśoka,cKing of Magadha,dactive 259 B.C. 0aIndiaxHistoryyMaurya dynasty, ca. 322 B.C.-ca. 185 B.C.